01017nam a2200193Ia 4500001001100000003001000011008004100021040002500062041001300087100001900100245004600119250001100165260009100176300001200267500019700279501011400476520019700590650003600787L200-55446IT-CnALBA170116s9999||||xx |||||||||||||| ||und|| aIT-CnALBAcIT-CnALBA aITALIANO aMARITANO MARIO 0aOMELIE SUL LEVITICO. LETTURA ORIGENIANA.  a1a ed. a ROMAbLAS - LIBRERIA ATENEO SALESIANO c2003 [1° Ed.:2003 - Ed.Ling.Originale: 2003] a156 p.  aBIBLIOTECA DI SCIENZE RELIGIOSE. IL SACRIFICIO DEL LOGOS. IMPURITÀ E PURIIFICAZIONE. PURITÀ E GRANDEZZA DI CRISTO. ORIGENE INVENTORE DI PAROLE. INDICE AUTORI ANTICHI MEDIOEVALI E MODERNI.  aSocietà San Paolo EM - Piazza San Paolo, 14 - 12051 ALBA (CN) (non commercial uses only) ® Copyright 2017 aBIBLIOTECA DI SCIENZE RELIGIOSE. IL SACRIFICIO DEL LOGOS. IMPURITÀ E PURIIFICAZIONE. PURITÀ E GRANDEZZA DI CRISTO. ORIGENE INVENTORE DI PAROLE. INDICE AUTORI ANTICHI MEDIOEVALI E MODERNI.  aRELIGIONE - RELIGIONE CRISTIANA